000 00406nam a2200169Ia 4500
003 GCL
008 140319s9999 xx 000 0 eng d
040 _aGCL /
_cGCL
082 0 4 _a823
_bC Z
100 1 _aENDFIELD, CY
245 1 0 _aZULU DAWN /
_cENDFIELD, CY
260 _a[S.N] :
_bARROW ،
_c1979
650 0 4 _aENGLISH LITERATURE
650 0 4 _aENGLISH FICTION
650 0 4 _aFICTION
942 _2ddc
_cBK
999 _c14864
_d14864